000 00374nam a2200133Ia 4500
008 220216s9999 xx 000 0 und d
100 _aOConnell J
245 0 _aEffect on vulcanisate properties of the exposure of raw rubber to direct sunlight
260 _bPlanters Bulletin
_c1966
300 _a148-159
650 _aNatural rubber
650 _aRaw rubber
942 _cJS
999 _c58254
_d58254